Od rytiera v kopačkách najcennejšia : laureát Ceny fair play Ján Michalko: "Prehra nie je životnou katastrofou"

Podrobná bibliografia
Hlavný autor: mat (Author)
Médium: Článok
Jazyk:Slovak
Témy:
Zdroj: 1. Košický večer 1. Roč. 13(34), č. 35(2002), dát. 0219, s. 15
LEADER 00937nab#a2200325#ar4500
001 000027921
003 SVKKK
005 00000000000000.0
008 c xo e sloo
FMT
038 |a SVKKK 
040 |a SVKKK  |b slo  |e AACR2 
041 0 |a slo 
044 |a xo  |c SK 
080 |a 796.072.4 Michalko, Já  |2 1981 
080 |a 796.33  |2 1981 
080 |a 929 Michalko, Já  |2 1981 
100 0 |a mat  |4 aut 
245 1 0 |a Od rytiera v kopačkách najcennejšia :  |b laureát Ceny fair play Ján Michalko: "Prehra nie je životnou katastrofou"  |c mat , 
300 |b Fotogr. 
600 1 4 |a Michalko, Ján,  |d ?,  |x rozhodca futbalový 
650 0 4 |a futbal  |z Cena fair play  |z Michalko, Ján  |x získanie  |x informácie 
773 0 |t Košický večer  |g Roč. 13(34), č. 35(2002), dát. 0219, s. 15 
957 |a Košice 
958 |a KE 
974 |d 030304  |a Čr 
992 |a RBX 
BAS
852 |a SVKKK  |b BIB 
998 |a REG